000 00934nam a2200241Ii 4500
003 JO-AjNU
008 230605s9999||||xx |||||||||||||| ||und||
017 _a2004/21212
020 _a977-337-180-8
040 _aJO-AjNU
_bara
_erda
_cJO-AjNU
041 _aara
050 1 4 _aHF4515.3.A8355.2009
100 3 _aاعداد:خبراء مركز الخبرات المهنية للادارة بميك؛مستشار علمي:عبدالرحمن توفيق,
_eauthor
_932265
245 0 0 _aالاساليب الحديثة في الترويج والتسويق=Promotion Marketing
250 _aط5
264 3 1 _aالقاهرة:مركز الخبرات المهنية للادارة بميك؛2009
300 _a81ص
336 _atext
_btxt
_2rdacontent
337 _aunmediated
_bn
_2rdamedia
338 _avolume
_bnc
_2rdacarrier
490 0 _aالمناهج التدريبية ؛181
650 4 _aالتسويق-الترويج
_932266
999 _aA13004
_c16572
_d16572